| 000 | 01399cam a2200313 i 4500 | ||
|---|---|---|---|
| 003 | SA-RiAUC | ||
| 005 | 20250710155644.0 | ||
| 008 | 250109s2000 su ao g 00010 ara c | ||
| 040 |
_aSA-JeALM _bara _cSA-RiAUC _erda |
||
| 043 | _aa-su--- | ||
| 082 | 0 | 4 |
_a953.151 _bك م ت |
| 090 |
_a953.151 _bك ر د |
||
| 100 | 1 |
_aالكردي، محمد طاهر بن عبد القادر، _d1321-1400 هجري _eمؤلف. |
|
| 245 | 1 | 2 |
_aالتاريخ القويم لمكة وبيت الله الكريم / _cمحمد طاهر الكردي المكي ؛ تحقيق عبد الملك بن دهيش. |
| 250 | _aالطبعة الأولى. | ||
| 264 | 1 |
_aمكة المكرمة : _bمكتبة النهضة الحديثة، _c1965. |
|
| 300 |
_a3 مجلد : _bإيضاحيات، صور ؛ _c24 سم |
||
| 300 |
_a3 مج ؛ _bايض ؛ _c24 سم |
||
| 336 |
_aنص _btxt _2rdacontent _3كتاب |
||
| 337 |
_aبدون وسيط _bn _2rdamedia |
||
| 338 |
_aمجلد _bnc _2rdacarrier |
||
| 500 | _aإهداء من غبداللطيف بن دهيش بتاريخ 1420/12/7 هـ | ||
| 610 | 2 | 7 |
_aالمسجد الحرام _2aucnm |
| 610 | 2 | 7 |
_aالمسجد الحرام _xتاريخ _2aucnm |
| 651 | 7 |
_aمكة المكرمة _xتاريخ _2aucsh |
|
| 700 | 1 |
_aابن دهيش، عبد الملك بن عبد الله، _d1360 هجري- _eمحقق. |
|
| 942 |
_2ddc _cBOOK _n0 |
||
| 949 |
_aSA-JeALM _d250109 _umohamedma123 _n1 |
||
| 999 |
_c9765 _d9765 |
||